| 000 | 01456nam a22002657a 4500 | ||
|---|---|---|---|
| 005 | 20250801105858.0 | ||
| 006 | a|||||r||||||||||| | ||
| 008 | s1989 a 001 0 eng | ||
| 020 | _a0071002022 | ||
| 040 |
_aGR-AtMCL _dGR-AtMCL _bgre _eAACR2 |
||
| 100 |
_aMcEliece, Robert J. _99902 |
||
| 245 | 1 | 0 |
_aIntroduction to discrete mathematics / _cRobert J. McEliece, Robert B. Ash, Carol Ash. |
| 250 | _a1st ed. | ||
| 260 |
_aSingapore : _bMcGraw-Hill, _cc1989. |
||
| 300 |
_a1 v. (various pagings) : _bill. (some col.) ; _c25 cm. |
||
| 500 | _aIncludes index. | ||
| 520 | _aAs a complete introduction to all of the important areas in discrete mathematics - and as preparation for advanced courses in computer science or electrical engineering with discrete mathematics as a prerequisite - this text is ideal. The authors are well-known, highly respected mathematicians with many years of practical experience. They have included all parts of the subject that are essential for all practical applications, plus some less directly applicable topics which are intellectually challenging and fun (combinatorics, Euler's V-E+F=2 theorem, and mathematical games). More than 200 worked examples, 1,500 problems, and 600 figures are included. | ||
| 650 | 0 |
_aMathematics _99905 |
|
| 650 | 0 |
_aComputing _99851 |
|
| 653 | _aComputer science | ||
| 700 |
_aAsh, Robert B. _99903 |
||
| 700 |
_aAsh, Carol, _d1935- _99904 |
||
| 942 | _cBK | ||
| 999 |
_c9846 _d9846 |
||